Promoting confidence in innovative techniques for the remediation of contaminated land (Record no. 74725)
[ view plain ]
| 000 -LEADER | |
|---|---|
| fixed length control field | 01096cab a2200217 4500 |
| 001 - CONTROL NUMBER | |
| control field | ABS68628 |
| 008 - FIXED-LENGTH DATA ELEMENTS--GENERAL INFORMATION | |
| fixed length control field | 050119n2005 000 0 eng u |
| 035 ## - SYSTEM CONTROL NUMBER | |
| System control number | (Sirsi) u128549 |
| 245 ## - TITLE STATEMENT | |
| Title | Promoting confidence in innovative techniques for the remediation of contaminated land |
| 260 ## - PUBLICATION, DISTRIBUTION, ETC. | |
| Date of publication, distribution, etc. | 2005 |
| 490 ## - SERIES STATEMENT | |
| Series statement | Building Engineer |
| Volume/sequential designation | 80(1) January 2005, 12-13(2) |
| 520 ## - SUMMARY, ETC. | |
| Summary, etc. | Gives details on the work of CL:AIRE (Contaminated Land: Applications in Real Environments), which is a charity promoting innovative technologies for remediating contaminated land. Its two main aims are to improve the quality of the UK environment and to make the UK economy stronger through cost effective treatment and the development of market opportunities. CL:AIRE provides independent information by providing examples of remediation technologies that have been successfully used. |
| 590 ## - LOCAL NOTE (RLIN) | |
| Local note | ABS |
| 650 ## - SUBJECT ADDED ENTRY--TOPICAL TERM | |
| Topical term or geographic name entry element | CLAIRE |
| 650 ## - SUBJECT ADDED ENTRY--TOPICAL TERM | |
| Topical term or geographic name entry element | REMEDIATION METHODS |
| 650 ## - SUBJECT ADDED ENTRY--TOPICAL TERM | |
| Topical term or geographic name entry element | CONTAMINATED LAND |
| 650 ## - SUBJECT ADDED ENTRY--TOPICAL TERM | |
| Topical term or geographic name entry element | BIOREMEDIATION |
| 650 ## - SUBJECT ADDED ENTRY--TOPICAL TERM | |
| Topical term or geographic name entry element | DEMONSTRATION PROJECTS |
| 690 ## - LOCAL SUBJECT ADDED ENTRY--TOPICAL TERM (OCLC, RLIN) | |
| Topical term or geographic name as entry element | ENVIRONMENT-CONTAMINATION |
| 942 ## - ADDED ENTRY ELEMENTS (KOHA) | |
| Suppress in OPAC | 0 |
| Withdrawn status | Lost status | Source of classification or shelving scheme | Damaged status | Not for loan | Home library | Current library | Shelving location | Date acquired | Total Checkouts | Full call number | Barcode | Date last seen | Copy number | Price effective from | Koha item type |
|---|---|---|---|---|---|---|---|---|---|---|---|---|---|---|---|
| Dewey Decimal Classification | London | London | Journal article | 19/01/2005 | ABS68628 | 128549-1001 | 06/08/2019 | 1 | 06/08/2019 | Journal article |